00735nam a2200193Ia 4500003000900000008004100009020001800050040001600068080001600084100002800100245011000128260003400238300001800272650002500290700008100315942000700396999001700403952012100420IN-BaIIA211028s9999 xx 000 0 eng d a81-204-1133-1 cIIA Library a550.38bRAJ aPisharoty, P. R.922305 4aThe Earth's magnetic fieldcG. Rajaram and P. R. Pisharoty  aNew DelhibOxford & IBHc1998 axxxvii, 373p. aMagnetic field95229 aPisharoty, P. R. 922305 cBK c12741d12741 00104070aBANbBANcGENd1998-11-13g795.00l0o550.38/ RAJp13658r2021-11-05v795.00w1998-11-13yBKGRs. 795.00